Geography Quiz

Random Geography or City Quiz

Largest Cities of Israel Quiz Stats

 Plays Quiz not verified by Sporcle

Challenge
Share
Tweet
Embed
Score 0/10 Timer 03:00
0 Plays Today
City % Correct
Jerusalem
99.5%
Tel Aviv-Yafo
98.2%
Haifa
91.3%
Beersheba
60.6%
Ashdod
44.5%
Netanya
33%
Rishon LeZiyyon
29.8%
Holon
21.6%
Petah Tikva
18.8%
Bene Beraq
10.1%

You're not logged in!

Compare scores with friends on all Sporcle quizzes.
OR
Log In

You Might Also Like...

Show Comments

Extras

Top Quizzes Today


Score Distribution

Your Account Isn't Verified!

In order to create a playlist on Sporcle, you need to verify the email address you used during registration. Go to your Sporcle Settings to finish the process.

Report this User

Report this user for behavior that violates our Community Guidelines.

Details: